Capital [section] 2254 habeas cases : a pocket guide for judges /

Bibliographic Details
Main Author: Fox, Kristine M.
Corporate Author: Federal Judicial Center
Format: Government Document eBook
Language:English
Published: [Washington, D.C.] : Federal Judicial Center, 2012.
Subjects:
Online Access:https://purl.fdlp.gov/GPO/gpo31368

MARC

Tag First Indicator Second Indicator Subfields
LEADER 00000cam a2200000Ia 4500
001 in00002782672
005 20211120170434.0
006 m o d f
007 cr bn|||||||||
008 121109s2012 dcu ob f000 0 eng d
035 |a (OCoLC)ocn816701826 
040 |a UCO  |b eng  |c UCO  |d GPO  |d MvI  |d UtOrBLW 
043 |a n-us--- 
049 |a WWW 
074 |a 0743-C-02 (online) 
086 0 |a JU 13.8:H 11 
100 1 |a Fox, Kristine M. 
245 1 0 |a Capital [section] 2254 habeas cases :  |b a pocket guide for judges /  |c Kristine M. Fox. 
264 1 |a [Washington, D.C.] :  |b Federal Judicial Center,  |c 2012. 
300 |a 1 online resource (iii, 20 pages) 
336 |a text  |b txt  |2 rdacontent 
337 |a computer  |b c  |2 rdamedia 
338 |a online resource  |b cr  |2 rdacarrier 
500 |a Title from title screen (viewed on Nov. 15, 2012). 
504 |a Includes bibliographical references. 
500 |a Electronic resource. 
650 0 |a Habeas corpus  |z United States. 
650 0 |a Prisoners  |x Legal status, laws, etc.  |z United States. 
710 2 |a Federal Judicial Center. 
776 0 8 |i Print version:  |a Fox, Kristine M.  |t Capital [section] 2254 habeas cases  |w (OCoLC)816690260 
856 4 0 |u https://purl.fdlp.gov/GPO/gpo31368  |t 0 
999 |a MARS 
999 f f |s dfebeec7-b6d8-3ef0-a370-9cbfd9216315  |i f664be0b-6355-3d1b-a9b3-0fb65c5fef3e  |t 0 
952 f f |a Texas A&M University  |b College Station  |c Electronic Resources  |d Available Online  |t 0  |e JU 13.8:H 11  |h Superintendent of Documents classification 
998 f f |a JU 13.8:H 11  |t 0  |l Available Online